Countries that Start with G - Alphabetical Order - Statistics

General Stats
  • This quiz has been taken 41 times
  • The average score is 9 of 11
Answer Stats
Country % Correct
Gabon
96%
Gambia
89%
Guyana
89%
Guinea
85%
Germany
81%
Ghana
81%
Guatemala
81%
Grenada
78%
Greece
70%
Georgia
67%
Guinea-Bissau
48%
No matching quizzes found
Score Distribution
Percent of People with Each Score
Percentile by Number Answered
Your Score History
You have not taken this quiz